[Event "Niederbayernliga 1112"]
[Site "Bayern"]
[Date "2012.??.??"]
[Round "5"]
[White "Hannes, Maximilian Jr"]
[Black "Kuespert, Erwin"]
[Result "0-1"]
[WhiteElo "1543"]
[BlackElo "1785"]
[PlyCount "84"]
[EventDate "2011.10.??"]
[EventType "team-tourn"]
[EventRounds "9"]
[EventCountry "GER"]
[SourceTitle "EXT 2023"]
[Source "ChessBase"]
[SourceDate "2022.10.05"]
[SourceVersion "1"]
[SourceVersionDate "2022.10.05"]
[SourceQuality "1"]
[WhiteTeam "Bayerwald Regen"]
[BlackTeam "Schaibing"]
[WhiteTeamCountry "GER"]
[BlackTeamCountry "GER"]

1. d4 g6 2. Bf4 Bg7 3. Nf3 c5 4. e3 Qb6 5. b3 Nc6 6. c3 d6 7. Be2 Nf6 8. 0-0 0-0 9. Qc2 cxd4 10. cxd4 Bd7 11. Nc3 Rac8 12. Qd2 Qa5 13. a3 Nh5 14. b4 Qd8 15. Bg3 a6 16. Rac1 Nxg3 17. fxg3 e5 18. d5 Na7 19. e4 Qb6+ 20. Kh1 Rc7 21. Na2 Rfc8 22. Rxc7 Rxc7 23. Rc1 Bb5 24. Rxc7 Qxc7 25. Bd1 Qc4 26. Qc2 Qf1+ 27. Ng1 Bh6 28. Be2 Bxe2 29. Qxe2 Qa1 30. h3 Nb5 31. Kh2 Nxa3 32. Nf3 Qb1 33. Ne1 Qb3 34. Nd3 Qc4 35. h4 Nb5 36. Ndc1 Qxe2 37. Nxe2 Bd2 38. Kg1 f5 39. exf5 gxf5 40. Kf2 b6 41. Ng1 Nc3 42. Nxc3 Bxc3 0-1

[Event "Niederbayernliga 1112"]
[Site "Bayern"]
[Date "2011.??.??"]
[Round "2"]
[White "Griesbeck, Robert"]
[Black "Hannes, Maximilian Jr"]
[Result "1-0"]
[WhiteElo "1829"]
[BlackElo "1543"]
[PlyCount "53"]
[EventDate "2011.10.??"]
[EventType "team-tourn"]
[EventRounds "9"]
[EventCountry "GER"]
[SourceTitle "EXT 2023"]
[Source "ChessBase"]
[SourceDate "2022.10.05"]
[SourceVersion "1"]
[SourceVersionDate "2022.10.05"]
[SourceQuality "1"]
[WhiteTeam "Straubing SC"]
[BlackTeam "Bayerwald Regen"]
[WhiteTeamCountry "GER"]
[BlackTeamCountry "GER"]

1. e4 d6 2. d4 Nf6 3. Nc3 g6 4. f4 c6 5. Nf3 Bg7 6. Bd3 0-0 7. 0-0 Bg4 8. h3 Bxf3 9. Qxf3 Nbd7 10. e5 dxe5 11. fxe5 Ne8 12. Bc4 e6 13. Ne2 Nc7 14. c3 f6 15. Qg4 Qe7 16. exf6 Nxf6 17. Qh4 Nfd5 18. Bg5 Bf6 19. Bxf6 Rxf6 20. Rxf6 Qxf6 21. Qxf6 Nxf6 22. Re1 Nfd5 23. Ng3 Rf8 24. Ne4 b6 25. b3 Re8 26. Nd6 Re7 27. Nc8 1-0

[Event "Niederbayernliga 1011"]
[Site "Germany"]
[Date "2010.10.24"]
[Round "2.8"]
[White "Hannes, Maximilian Jr"]
[Black "Angermeier, Gerhard"]
[Result "1/2-1/2"]
[WhiteElo "1491"]
[BlackElo "1673"]
[PlyCount "109"]
[EventDate "2010.10.10"]
[EventType "team-tourn"]
[EventRounds "9"]
[EventCountry "GER"]
[SourceTitle "EXT 2012"]
[Source "ChessBase"]
[SourceDate "2011.11.24"]
[SourceVersion "1"]
[SourceVersionDate "2011.11.24"]
[SourceQuality "1"]
[WhiteTeam "Bayerwald"]
[BlackTeam "Rottal II"]
[WhiteTeamCountry "GER"]
[BlackTeamCountry "GER"]

1. d4 d5 2. Nf3 Nf6 3. Bf4 e6 4. h3 c5 5. e3 Nc6 6. Be2 Bd6 7. Bxd6 Qxd6 8. 0-0 0-0 9. c3 a6 10. Qc2 Bd7 11. Nbd2 Rac8 12. dxc5 Qxc5 13. Nb3 Qb6 14. Rad1 Rfd8 15. Bd3 Nb4 16. Qb1 Nxd3 17. Rxd3 Bb5 18. Rd4 Bxf1 19. Kxf1 Rc4 20. Rd2 Qc7 21. Nbd4 g6 22. Ne2 b5 23. b3 Rc6 24. Qb2 Ne4 25. Rc2 Qe7 26. Ne5 Rc7 27. f3 Nd6 28. Nd4 Rdc8 29. Ne2 f6 30. Nd3 Nf5 31. Kf2 Kf7 32. b4 Nd6 33. Qa3 Ra7 34. Qc1 Kg7 35. Kg1 Nc4 36. Nf2 h5 37. e4 dxe4 38. Nxe4 e5 39. f4 exf4 40. Qxf4 Qe5 41. Qf3 Re8 42. Nf2 Rae7 43. Nd4 Qe1+ 44. Kh2 Nd2 45. Rxd2 Qxd2 46. Qg3 Qg5 47. Qd6 Qe5+ 48. Qxe5 Rxe5 49. Nd3 Re3 50. Nc5 Rxc3 51. Nxa6 Ra3 52. Nc7 Rxa2 53. Nxe8+ Kf7 54. Nc7 Rb2 55. Na6 1/2-1/2